Statistics for General Knowledge Quiz #181

Click here to take the quiz!

General Stats

  • This quiz has been taken 48,851 times
  • The average score is 13 of 20

Answer Stats

QuestionAnswer% Correct
What do matadors fight?Bulls
90%
What country lies between Estonia and Lithuania?Latvia
87%
Which two African countries start with the letter A?Algeria
84%
Which two African countries start with the letter A?Angola
83%
Which Disney animated movie was set in China? (Theatrical releases only)Mulan
79%
What scientist was visiting the United States in 1933 - and wisely chose to stay
there after Hitler came to power?
Albert Einstein
78%
Who led the African National Congress political party from 1991-1997?Nelson Mandela
74%
Who supposedly nailed 95 theses to a Cathedral door in
Wittenburg, Germany in 1517?
Martin Luther
71%
If micro is one millionth, what is one billionth?Nano
65%
What is the most populous city in Morocco?Casablanca
64%
What animal does Cashmere wool come from?Goats
64%
Who wrote "James and the Giant Peach"?Roald Dahl
62%
What general conquered Gaul in the 50s B.C.?Julius Caesar
56%
What animal did Dian Fossey travel to Rwanda to study?Mountain Gorillas
56%
What country is personified by Marianne, a goddess of liberty and reason?France
53%
In what country would you find the city of Lillehammer?Norway
53%
Who starred as Vito Corleone in "The Godfather"?Marlon Brando
52%
In terms of e-mail, what do the letters CC stand for?Carbon Copy
48%
What type of machine is designed to be ridiculously overcomplicated?{Rube} Goldberg Machine
29%
What Russian/American author had initials VN?Vladimir Nabokov
23%

Score Distribution

Percentile by Number Answered

Percent of People with Each Score

Your Score History

You have not taken this quiz